Practical program evaluation for state and local governments /

Bibliographic Details
Main Author: Hatry, Harry P.
Other Authors: Winnie, Richard E., Fisk, Donald M., Blair, Louis H.
Format: Book
Language:English
Published: Washington, D.C. : Urban Institute Press, [1981]
Edition:2nd ed.
Series:An Urban Institute book
Subjects:

MARC

Tag First Indicator Second Indicator Subfields
LEADER 00000cam a2200000 a 4500
001 in00000089578
005 20151008065422.0
008 811209s1981 dcua b 00010 eng
010 |a  81051346  
019 |a 7828654 
020 |a 0877662967 (pbk.) 
035 |a (OCoLC)07503330 
035 |9 AAK5917AM 
039 0 |a 2  |b 3  |c 3  |d 3  |e 3 
040 |a DLC  |c DLC  |d TXA  |d UtOrBLW 
043 |a n-us--- 
049 |a TXAM  |c [1196786] 
050 0 0 |a HD4605  |b .H38 1981 
082 0 |a 350.007/6/0973  |2 19 
100 1 |a Hatry, Harry P. 
245 1 0 |a Practical program evaluation for state and local governments /  |c by Harry P. Hatry, Richard E. Winnie, and Donald M. Fisk ; with contributions from Louis H. Blair [and others]. 
250 |a 2nd ed. 
264 1 |a Washington, D.C. :  |b Urban Institute Press,  |c [1981] 
264 4 |c ©1981 
300 |a xvi, 123 pages :  |b illustrations ;  |c 23 cm. 
336 |a text  |b txt  |2 rdacontent 
337 |a unmediated  |b n  |2 rdamedia 
338 |a volume  |b nc  |2 rdacarrier 
490 0 |a An Urban Institute book 
500 |a Revised edition of: Practical program evaluation for state and local government officials. 1973. 
504 |a Bibliography: pages 117-123. 
650 0 |a Municipal services  |z United States  |x Evaluation. 
650 0 |a Local government  |z United States. 
700 1 |a Winnie, Richard E. 
700 1 |a Fisk, Donald M. 
700 1 |a Blair, Louis H. 
999 |a MARS 
999 f f |s 889c44e1-9963-3099-8217-6a6a73c01116  |i bb247fcb-f132-3634-9825-f7f2c2369e24  |t 0 
952 f f |p ric  |a Texas A&M University  |b Rellis Campus  |c Joint Library Facility  |d Remote Storage  |t 0  |e HD4605 .H38 1981  |h Library of Congress classification  |i unmediated -- volume  |m A14806127580 
998 f f |a HD4605 .H38 1981  |t 0  |l Remote Storage